LIBRARY ONLINE CATALOGUE

The Serpent club : (Record no. 11878)

MARC details
000 -LEADER
fixed length control field 00521nam a22001932 4500
001 - CONTROL NUMBER
control field 0000002841
005 - DATE AND TIME OF LATEST TRANSACTION
control field 20151217155204.0
008 - FIXED-LENGTH DATA ELEMENTS--GENERAL INFORMATION
fixed length control field 070420s xx 000 0 eng d
020 ## - INTERNATIONAL STANDARD BOOK NUMBER
International Standard Book Number 0671028286 :
Terms of availability KES 110
040 ## - CATALOGING SOURCE
Original cataloging agency KABU
Transcribing agency KABU
050 #0 - LIBRARY OF CONGRESS CALL NUMBER
Classification number PS3553
Item number .O365S4
100 1# - MAIN ENTRY--PERSONAL NAME
Personal name Coffey, Tom.
-- 0000152347
245 14 - TITLE STATEMENT
Title The Serpent club :
Remainder of title a thriller.
260 ## - PUBLICATION, DISTRIBUTION, ETC. (IMPRINT)
Place of publication, distribution, etc. New York :
Name of publisher, distributor, etc. Pocket Books,
Date of publication, distribution, etc. 1999.
300 ## - PHYSICAL DESCRIPTION
Extent 402 p.
908 ## - PUT COMMAND PARAMETER (RLIN)
Put command parameter 070420
950 ## - LOCAL HOLDINGS (RLIN)
-- 1
Holdings
Withdrawn status Lost status Source of classification or shelving scheme Not for loan Home library Current library Date acquired Total Checkouts Total Renewals Full call number Barcode Checked out Date last seen Date last checked out Price effective from Koha item type
    Library of Congress Classification   Kabarak, Main Campus Kabarak, Main Campus 17/12/2015 11 1 PS3553 .O365S4 004545 18/07/2026 02/07/2026 02/07/2026 17/12/2015 General Collection